Libertad y sacrificio
Guardat en:
| Autor principal: | |
|---|---|
| Format: | Llibre |
| Idioma: | espanyol |
| Publicat: |
Salamanca, España.
Ediciones Sígueme,
2007
|
| Edició: | 1a. ed |
| Col·lecció: | Hermeneia, 76
|
| Matèries: | |
| Etiquetes: |
Afegir etiqueta
Sense etiquetes, Sigues el primer a etiquetar aquest registre!
|
MARC
| LEADER | 00000cam a2200000 a 4500 | ||
|---|---|---|---|
| 001 | UCB0125 | ||
| 003 | CL-VaPUC | ||
| 005 | 20230322100754.0 | ||
| 008 | 191213e20070000sp spa d | ||
| 999 | |c 375831 |d 375829 | ||
| 020 | |a 9788430116508 | ||
| 040 | |c Pontificia Universidad Católica de Valparaíso | ||
| 082 | 0 | 4 | |a 199.437 PAT |2 21 |
| 100 | |a Patocka, Jan |e autor |9 501040 | ||
| 245 | 1 | 0 | |a Libertad y sacrificio |
| 250 | |a 1a. ed | ||
| 260 | |a Salamanca, España. |b Ediciones Sígueme, |c 2007 | ||
| 300 | |a 398 páginas | ||
| 490 | 0 | |a Hermeneia, 76 | |
| 583 | |a last modification |c 20191213 11:48:00 |k cmena | ||
| 650 | 0 | 0 | |a Historia de la filosofía |9 256920 |
| 650 | 0 | 0 | |a Filosofía checa |2 CL-VaPUC |9 501041 |
| 650 | 0 | 0 | |a Filosofía europea |9 347047 |
| 942 | |c BK |2 ddc | ||
| 945 | |a dcastane |d 20191213 11:48:00 | ||
| 952 | |0 0 |1 0 |2 ddc |4 0 |6 199_437000000000000_PAT |7 0 |8 A |9 494894 |a BIBARQ |b BIBARQ |d 2019-12-05 |e 3 |g 21810.00 |i 5566975 |o 199.437 PAT |p 5566975 |r 2025-01-20 |t 1 |v 21810.00 |w 2019-12-05 |y BK | ||